00426nam a2200181Ia 4500003000400000005001700004006001900021007000300040008004100043024001000084037001200094040002000106041001300126082002100139100002100160245005400181260000900235OSt20220928143441.0a|||||r|||| 00| 0 ta220927b |||||||| |||| 00| 0 eng d a22159 cTextual aSDCLcSDCLbeng 2engaeng aO15,1B2:g(W), N5 aThakur Anantalal 0aElements of political science in the Mahabharata. c1995